| 000 | 00756cam a22002414a 4500 | ||
|---|---|---|---|
| 999 |
_c9845 _d9845 |
||
| 003 | OSt | ||
| 005 | 20220307115121.0 | ||
| 008 | 010410s2001 nyua 001 0 eng | ||
| 020 | _a9780471411017 | ||
| 082 | 0 | 0 |
_a658.15 _221 _bEVA |
| 100 | 1 | _aEvans, Frank C. | |
| 245 | 1 | 0 |
_aValuation for M&A : _bbuilding value in private companies / _cFrank C. Evans, David M. Bishop. |
| 246 | 3 | _aValuation for M & A | |
| 246 | 3 | _aValuation for M and A | |
| 260 |
_aNew York : _bJohn Wiley & Sons, _cc2001. |
||
| 300 |
_axiii, 298 p. : _bill. ; _c24 cm. |
||
| 440 | 0 | _aWiley M&A library | |
| 500 | _aIncludes index. | ||
| 650 | 0 |
_aCorporations _xValuation. |
|
| 650 | 0 | _aConsolidation and merger of corporations. | |
| 700 | 1 |
_aBishop, David M., _d1940- |
|
| 942 | _2ddc | ||